Les frères du football - Statistiques

Statistiques générales
  • Ce quiz a été pris 457 fois
  • Le résultat moyen est 10 sur 20
Statistiques - réponses
Prénom Nom % Correct
Théo, Lucas Hernandez
97%
Paul, Florentin, Mathias Pogba
96%
Eden, Thorgan Hazard
85%
Kolo, Yaya Touré
84%
Kevin-Prince, Jerôme Boateng
80%
André, Jordan Ayew
69%
Filippo, Simone Inzaghi
66%
Granit, Taulant Xhaka
54%
Bruno, Benoît Cheyrou
49%
Gary, Phil Neville
44%
Bonaventure, Salomon Kalou
41%
Lars, Sven Bender
34%
Rio, Anton Ferdinand
31%
Aurélien, Etienne Capoue
27%
Ronald, Franck De Boer
22%
Issa, Aly Cissokho
20%
Michael, Brian Laudrup
19%
Anthony, Damien Le Tallec
19%
Diego, Gabriel Milito
18%
Sylvain, Etienne Didot
12%
Aucun quiz correspondant
Distribution des résultats
% des personnes avec chaque résultat
Percentile par nombre de réponses
Votre historique - résultats
Vous n’avez pas pris ce quiz